Kultúrna diverzita Európy a integračná politika EÚ
Existencia istej kultúrnej jednoty, intelektuálne a mravné zvyky - podnety pre ekonomické a politické zjednotenie v Európe a základ európskej identity. Univerzálna európska identita. Motto -" E pluribus unum - Zjednotení v rozmanitosti". Redefinícia modernistickej identity. Interné odlišnosti v rámc...
Salvato in:
| Autore principale: | |
|---|---|
| Natura: | Capitolo di libro |
| Lingua: | slovacco |
| Soggetti: | |
| Tags: |
Nessun Tag, puoi essere il primo ad aggiungerne!!
|
MARC
| LEADER | 00000nla$a2200000$$$4500 | ||
|---|---|---|---|
| 001 | 0091632 | ||
| 005 | 20240502083232.7 | ||
| 041 | 0 | |a slo | |
| 044 | |a CZ | ||
| 245 | 1 | 0 | |a Kultúrna diverzita Európy a integračná politika EÚ |c Veronika Fodorová |
| 520 | |a Existencia istej kultúrnej jednoty, intelektuálne a mravné zvyky - podnety pre ekonomické a politické zjednotenie v Európe a základ európskej identity. Univerzálna európska identita. Motto -" E pluribus unum - Zjednotení v rozmanitosti". Redefinícia modernistickej identity. Interné odlišnosti v rámci EÚ konfrontované s odlišnosťami externými - kultúrnou diverzitou importovanou spoza vonkajších hraníc európskeho priestoru. Integrácia obyvateľov tretích krajín do európskeho priestoru. | ||
| 610 | 2 | 0 | |a Európska únia |
| 610 | 2 | 0 | |a integrácia ekonomická medzinárodná |
| 610 | 2 | 0 | |a kultúra |
| 610 | 2 | 0 | |a identita |
| 610 | 2 | 0 | |a národ |
| 610 | 2 | 0 | |a národnosti |
| 610 | 2 | 0 | |a politika integračná |
| 610 | 2 | 0 | |a vzťahy medzinárodné |
| 100 | 1 | |a Fodorová, Veronika | |